01655njm a2200277Ia 450000100060000000300090000600500170001500800410003204000130007304000130008610000110009910000180011010000380012824500680016625000110023426000120024526000440025730000100030150000320031150503890034351100680073265000500080070002010085070002610105170000650131224188IT-RoPAU20220918181206.0131025s9999 xx 000 0 und d aIT-RoPAU cIT-RoPAU aAA.VV. eAutore musica gCodice autore musica SPICS: 12000 aFantasia ungherese-Rapsodie ungheresi N.4 e N.5-Danze ungheresi a1a ed. aGERMANY bDEUTSCHE GRAMMOPHONc1961 [1a Ed.:1961] aDISCO aMusica classica. Pianoforte aFantasia ungherese per pianoforte e orchestra - Rapsodia ungherese n. 5 in mi minore (versione per pianoforte) - Rapsodia ungherese n. 4 in mi bemolle maggiore (versione per pianoforte n.12) - Danza ungherese n. 5 in sol minore: allegro - Danza ungherese n. 6 in re maggiore: vivace - Danza ungherese n. 3 in fa maggiore: allegretto - Danza ungherese n. 1 in sol minore: allegro molto aOrchestra Filarmonica di Berlino diretta da Karajan Herbert Von aCLASSICA [DISCHI]eCodice MATERIA SPICS: 9950 aLiszt FranzeAutore musicagCodice autore musica SPICS: 10789pFantasia ungherese per pianoforte e orchestra - Rapsodia ungherese n. 5 in mi minore - Rapsodia ungherese n. 4 in mi bemolle maggiore aBrahms JohannesgCodice autore musica SPICS: 88674Autore musicapDanza ungherese N.5 in sol minore: allegro - Danza ungherese n. 6 in re maggiore: vivace - Danza ungherese n. 3 in fa maggiore: allegretto - Danza ungherese n. 1 in sol minore: allegro molto aCherkassky ShuragCodice interprete SPICS: 273484Interprete